| Поле | Название | Значение |
| |
Тип записи |
c |
| |
Библиографический уровень |
m |
| 001 |
Контрольный номер |
RU/УОНБ/EK_N/683895942 |
| 005 |
Дата корректировки |
20251209095550.1 |
| 010 |
Индекс ISBN |
__ |
| 9 |
Тираж |
25000 экз. |
| 013 |
Номер (ISMN) |
__ |
| d |
Цена |
2 р. 45 к. |
| 071 |
Издательские номер (звукозапись и ноты) |
21 |
| a |
Номер, присвоенный агентством |
7176 |
| 100 |
Данные общей обработки |
__ |
| a |
Данные общей обработки |
20210902d1973 d y0rusy0189||||ca |
| 101 |
Язык документа |
0_ |
| a |
Язык текста |
rus |
| f |
Язык титульного листа |
rus |
| 102 |
Страна публикации |
__ |
| a |
Страна публикации |
RU |
| 105 |
Кодированные данные (монография) |
__ |
| a |
Кодированные данные (монография) |
y###||||000|y |
| 125 |
Кодированные данные звукозаписи и нотных изданий |
__ |
| a |
Форма изложения нотного текста |
с| |
| 128 |
Кодированные данные (звукозаписи-физические характеристики) |
__ |
| a |
Кодированные данные: Музыкальная форма и тональность или лад |
chs |
| b |
Инструменты или голоса, необходимые для ансамблей (устаревшее) |
cd|| |
| 200 |
Заглавие и сведения об ответственности |
1_ |
| a |
Заглавие |
Вып. 2 |
| e |
Сведения, относящиеся к заглавию |
4-5 кл. |
| 210 |
Выходные данные |
1_ |
| d |
Дата издания |
1973 |
| 215 |
Физическое описание |
__ |
| a |
Объем |
181 с. |
| 300 |
Общие примечания |
__ |
| a |
Общие примечания |
В конце сб. : Распевания |
| 327 |
Примечание о содержании |
11 |
| a |
Примечание о содержании |
Содерж. : Смело, товарищи, в ногу! : революц. песня / обраб. В. Белого ; сл. Л. Радина. - Маленький барабанщик : нем. революц. песня / обраб. А. Давиденко ; рус. текст М. Светлова. - Фрадкин М. Марш юных пионеров / сл. Л. Ошанина. - Львов-Компанеец Д. Все дети на планете / сл. С. Богомазова. - Левина З. Песня Гека : из радиопередачи "Чук и Гек" / сл. В. Коростылёва ; Тик-так / сл. Т. Спендиаровой ; Песня о Ленине / пер. Т. Спендиаровой ; Сибирская ёлочка ; Мы проходим у Кремля / сл. Л. Некрасовой ; Мы верны пионерскому знамени / сл. П. Градова ; Голубок / сл. И. Френкеля. - Чичков Ю. Музыкант-турист / сл. И. Беликова ; Голубая дорога / сл. К. Ибряева ; Пионерская стрела / сл. В. Крючкова. - Адлер Е. Кукла заболела / сл. М. Карема. - Силинь Э. Овощи / сл. Ю. Тувима. - Со вьюном я хожу ; Сад ; Дрёма ; В тёмном лесе ; Уж ты, сад ; Ах вы, сени, мои сени ; Милый мой хоровод ; Дома ль воробей? ; Лён зеленой : рус. нар. песни. - Кюи Ц. Осень / сл. А. Плещеева ; Майский день / сл. Ф. Тютчева. - . - Гретри А. Спор. - Шварц Л. Бьют барабаны : из кф. "Судьба барабанщика" / сл. Я. Акима ; Песня о весёлом барабанщике / сл. Б. Окуджавы. - Баснер В. Там, за рекою : из кф. "Армия Трясогузки снова в бою" / сл. В. Суслова. - Ренев В. Белая дорожка / сл. А. Пришельца. - Попатенко Т. Новогодняя полька / сл. Г. Ладонщикова. - Четыре таракана и сверчок : итал. нар. песня / обраб. А. Долуханяна ; рус. текст Ю. Батицкого и и Р. Виккерса. - Здравствуй, гостья-зима! : рус. нар. песня / обраб. Н. Римского-Корсакова ; сл. И. Никитина. - Сусанин : рус. нар. песня / сл. К. Рылеева. - Моцарт В. - Флисс Б. Колыбельная. - Атуров С. По долинам и по взгорьям : песня гражд. войны / сл. П. Парфёнова ; обраб. Ю. Слонова. - Новиков А. Учил Суворов / сл. М. Левашова. - Зив М. В будёновке-шапке / сл. В. Коростылёва. - Жарковский Е. Письмо пограничникам / сл. О. Высотской ; Женька / сл. К. Ваншенкина. - Заславский С. Алёша / сл. А. Пришельца. - Петушок : латыш. нар. песня / рус. текст А. Машистова. - Ой, чия це хатинка : укр. нар. песня. - Чайковский П. Мой садик ; Колыбельная песня в бурю / сл. А. Плещеева ; Хор мальчиков : из оперы "Пиковая дама" / сл. Л. Некрасовой. - Бетховен Л. Сурок / рус. текст С. Спасского ; Малиновка / сл. Г. Бюргера. - Локтев В. Разговор с Лениным / сл. В. Крючкова ; Песня о пионерской дружбе / сл. О. Высотской ; Ты лети, ветерок! / сл. А. Пришельца. - Мурадели В. Пионерская спортивная / сл. П. Градова ; Кто делает зарядку - растёт богатырём ; Строевая боевая ; Песня о главном вожатом / сл. М. Садовского ; Гимн Москве / сл. А. Коваленкова ; Пионерский костёр / сл. Л. Некрасовой. - Оякяр Б. В прибрежном колхозе / сл. Д. Вааранди. - Ребиков В. Поздняя весна. - Моцарт В. Весенняя / сл. Овербек. - Григ Э. Лесная песнь / рус. текст А. Ефременкова. - Островский А. Пусть всегда будет солнце! / сл. Л. Ошанина. - Компанеец З. Встало солнце / сл. Л. Кондрашенко. - Кабалевский Д. Спокойной ночи / сл. В. Викторова. - Лепин А. Весёлый турист / сл. О. Фадеевой. - Смыслов И. Родина / сл. Н. Сусленникова. - Варшавянка : революц. песня / обраб. В. Белого ; рус. текст Г. Кржижановского. - Ковнер И. Как высоко над нами наше небо / сл. С. Михалкова. - Мокроусов Б. Песня неуловимых мстителей ; из кф. "Неуловимые мстители" / сл. Р. Рождественского. - Купрейшвили П. Зимняя спортивная / сл. Э. Александровой. - Со вьюном я хожу : рус. нар. песня / обраб. Н. Римского-Корсакого. - Солнце, в дом войди : груз. нар. песня / обраб. Д. Аракишвили. - Сумерки : норв. нар. песня / обраб. В. Локтева ; рус. текст А. Тверского. - Брамс Й. Колыбельная / рус. текст А. Машистова. - Парцхаладзе М. С добрым утром, край родной! / сл. В. Татаринова. - Колмановский Э. Красивая мама / сл. С. Богомазова. - Пахмутова А. Гайдар шагает впереди / сл. С. Гребенникова и Н. Добронравова. - Блантер М. Песня о Щорсе / сл. М. Голодного. - Богородицкий Ф. Гибель "Варяга" : рус. нар. песня / сл. Я. Репнинского. - Реченька : белорус. нар. песня / обраб. А. Свешникова. - Кукушка : пол. нар. песня. - Вериковский М. Портрет Володи Ульянова / сл. М. Рыльского. - Кырвер Б. Наш отряд / сл. О. Роотса. - Негго А. Звонкая песня / сл. А. Негго. - Во поле рябинушка стояла : рус. нар. песня. - Висла : пол. нар. песня / рус. текст С. Кондратьева. - Мы песней солнышко разбудим : песня пол. пионеров / рус. текст В. Татаринова. - Тома А. Вечерняя песня / сл. К. Ушинского. - Глинка М. Венецианская ночь / сл. И. Козлова ; Жаворонок / сл. Н. Кукольника. |
| 461 |
Уровень набора |
_0 |
| 1 |
|
001RU/IS/BASE/485434245 |
| 1 |
|
200 |
| a |
|
Пение в школе |
| b |
|
[Ноты] |
| e |
|
пособие для учителя |
| e |
|
пение в сопровожд. фп. |
| f |
|
сост. Т. Бейдер и Л. Левандовская |
| v |
|
Вып. 2 |
| 1 |
|
210 |
| a |
|
М. |
| c |
|
Музыка |
| d |
|
1972 - |
| 464 |
Аналитический уровень |
_0 |
| 1 |
|
2001 |
| a |
|
Смело, товарищи, в ногу! |
| e |
|
революц. песня |
| 1 |
|
702 1 |
| a |
|
Белый |
| b |
|
В. |
| 1 |
|
702 1 |
| a |
|
Радин |
| b |
|
Л. |
| 4 |
|
520 |
| 464 |
Аналитический уровень |
_0 |
| 1 |
|
2001 |
| a |
|
Маленький барабанщик |
| e |
|
нем. революц. песня |
| 1 |
|
702 1 |
| a |
|
Давиденко |
| b |
|
А. |
| 4 |
|
030 |
| 1 |
|
702 1 |
| a |
|
Светлов |
| b |
|
М. |
| 4 |
|
730 |
| 464 |
Аналитический уровень |
_0 |
| 1 |
|
2001 |
| a |
|
Марш юных пионеров |
| e |
|
Это чей там смех весёлый... |
| 1 |
|
700 1 |
| a |
|
Фрадкин |
| b |
|
М. |
| 1 |
|
702 1 |
| a |
|
Ошанин |
| b |
|
Л. |
| 4 |
|
520 |
| 464 |
Аналитический уровень |
_0 |
| 1 |
|
2001 |
| a |
|
Все дети на планете |
| e |
|
Все дети на планете... |
| 1 |
|
700 1 |
| a |
|
Львов-Компанеец |
| b |
|
Д. |
| 1 |
|
702 1 |
| a |
|
Богомазов |
| b |
|
С. |
| 4 |
|
520 |
| 464 |
Аналитический уровень |
_0 |
| 1 |
|
2001 |
| a |
|
Песня Гека |
| e |
|
Шли вперёд смельчаки... |
| e |
|
из радиопередачи "Чук и Гек" |
| 1 |
|
700 1 |
| a |
|
Левина |
| b |
|
З. |
| 1 |
|
702 1 |
| a |
|
Коростылёв |
| b |
|
В. |
| 4 |
|
520 |
| 1 |
|
50010 |
| a |
|
Чук и Гек |
| 464 |
Аналитический уровень |
_0 |
| 1 |
|
2001 |
| a |
|
Музыкант-турист |
| e |
|
На плечах рюкзак тяжёлый... |
| 1 |
|
700 1 |
| a |
|
Чичков |
| b |
|
Ю. |
| 1 |
|
702 1 |
| a |
|
Беликов |
| b |
|
И. |
| 4 |
|
520 |
| 464 |
Аналитический уровень |
_0 |
| 1 |
|
2001 |
| a |
|
Кукла заболела |
| e |
|
Почему больна ты, кукла... |
| 1 |
|
700 1 |
| a |
|
Адлер |
| b |
|
Е. |
| 1 |
|
702 1 |
| a |
|
Карем |
| b |
|
М. |
| 4 |
|
520 |
| 464 |
Аналитический уровень |
_0 |
| 1 |
|
2001 |
| a |
|
Овощи |
| e |
|
Хозяйка однажды с базара пришла... |
| 1 |
|
700 1 |
| a |
|
Силинь |
| b |
|
Э. |
| 1 |
|
702 1 |
| a |
|
Тувим |
| b |
|
Ю. |
| 4 |
|
520 |
| 464 |
Аналитический уровень |
_0 |
| 1 |
|
2001 |
| a |
|
Со вьюном я хожу |
| e |
|
Со вьюном я хожу... |
| e |
|
рус. нар. песня |
| 464 |
Аналитический уровень |
_0 |
| 1 |
|
2001 |
| a |
|
Осень |
| e |
|
Осень наступила, высохли цветы... |
| 1 |
|
700 1 |
| a |
|
Кюи |
| b |
|
Ц. |
| 1 |
|
702 1 |
| a |
|
Плещеев |
| b |
|
А. |
| 4 |
|
520 |
| 464 |
Аналитический уровень |
_0 |
| 1 |
|
2001 |
| a |
|
Спор |
| e |
|
В лесу осёл с кукушкой... |
| 1 |
|
700 1 |
| a |
|
Гретри |
| b |
|
А. |
| 464 |
Аналитический уровень |
_0 |
| 1 |
|
2001 |
| a |
|
Бьют барабаны |
| e |
|
Бьют барабаны... |
| e |
|
из кф. "Судьба барабанщика" |
| 1 |
|
700 1 |
| a |
|
Шварц |
| b |
|
Л. |
| 1 |
|
702 1 |
| a |
|
Аким |
| b |
|
Я. |
| 4 |
|
520 |
| 1 |
|
50010 |
| a |
|
Судьба барабанщика |
| 464 |
Аналитический уровень |
_0 |
| 1 |
|
2001 |
| a |
|
Там, за рекою |
| e |
|
Шёл в степи отряд... |
| e |
|
из кф. "Армия Трясогузки снова в бою" |
| 1 |
|
700 1 |
| a |
|
Баснер |
| b |
|
В. |
| 1 |
|
702 1 |
| a |
|
Суслов |
| b |
|
В. |
| 4 |
|
520 |
| 1 |
|
50010 |
| a |
|
Армия Трясогузки снова в бою |
| 464 |
Аналитический уровень |
_0 |
| 1 |
|
2001 |
| a |
|
Белая дорожка |
| e |
|
Мороз трещит и колется... |
| 1 |
|
700 1 |
| a |
|
Ренев |
| b |
|
В. |
| 1 |
|
702 1 |
| a |
|
Пришелец |
| b |
|
А. |
| 4 |
|
520 |
| 464 |
Аналитический уровень |
_0 |
| 1 |
|
2001 |
| a |
|
Новогодняя полька |
| e |
|
Наша ёлка зелена... |
| 1 |
|
700 1 |
| a |
|
Попатенко |
| b |
|
Т. |
| 1 |
|
702 1 |
| a |
|
Ладонщиков |
| b |
|
Г. |
| 4 |
|
520 |
| 464 |
Аналитический уровень |
_0 |
| 1 |
|
2001 |
| a |
|
Четыре таракана и сверчок |
| e |
|
У дедушки за печкою компания сидит... |
| e |
|
итал. нар. песня |
| 1 |
|
702 1 |
| a |
|
Долуханян |
| b |
|
А. |
| 4 |
|
030 |
| 1 |
|
702 1 |
| a |
|
Батицкий |
| b |
|
Ю. |
| 4 |
|
730 |
| 1 |
|
702 1 |
| a |
|
Виккерс |
| b |
|
Р. |
| 4 |
|
730 |
| 464 |
Аналитический уровень |
_0 |
| 1 |
|
2001 |
| a |
|
Здравствуй, гостья-зима! |
| e |
|
Здравствуй, гостья-зима... |
| e |
|
рус. нар. песня |
| 1 |
|
702 1 |
| a |
|
Римский-Корсаков |
| b |
|
Н. |
| 4 |
|
030 |
| 1 |
|
702 1 |
| a |
|
Никитин |
| b |
|
И. |
| 4 |
|
520 |
| 464 |
Аналитический уровень |
_0 |
| 1 |
|
2001 |
| a |
|
Сусанин |
| e |
|
Зимою морозной шла шайка людей... |
| e |
|
рус. нар. песня |
| 1 |
|
702 1 |
| a |
|
Рылеев |
| b |
|
К. |
| 4 |
|
520 |
| 464 |
Аналитический уровень |
_0 |
| 1 |
|
2001 |
| a |
|
Колыбельная |
| e |
|
Спи, моя радость, усни... |
| 1 |
|
700 1 |
| a |
|
Моцарт |
| b |
|
В. |
| 1 |
|
701 1 |
| a |
|
Флисс |
| b |
|
Б. |
| 464 |
Аналитический уровень |
_0 |
| 1 |
|
2001 |
| a |
|
По долинам и по взгорьям |
| e |
|
По долинам и по взгорьям... |
| e |
|
песня гражд. войны |
| 1 |
|
700 1 |
| a |
|
Атуров |
| b |
|
С. |
| 1 |
|
702 1 |
| a |
|
Парфёнов |
| b |
|
П. |
| 4 |
|
520 |
| 1 |
|
702 1 |
| a |
|
Слонов |
| b |
|
Ю. |
| 4 |
|
030 |
| 464 |
Аналитический уровень |
_0 |
| 1 |
|
2001 |
| a |
|
Учил Суворов |
| e |
|
Учил Суворов в лихих боях... |
| 1 |
|
700 1 |
| a |
|
Новиков |
| b |
|
А. |
| 1 |
|
702 1 |
| a |
|
Левашов |
| b |
|
М. |
| 4 |
|
520 |
| 464 |
Аналитический уровень |
_0 |
| 1 |
|
2001 |
| a |
|
В будёновке-шапке |
| e |
|
В будёновке-шапке... |
| 1 |
|
700 1 |
| a |
|
Зив |
| b |
|
М. |
| 1 |
|
702 1 |
| a |
|
Коростылёв |
| b |
|
В. |
| 4 |
|
520 |
| 464 |
Аналитический уровень |
_0 |
| 1 |
|
2001 |
| a |
|
Письмо пограничникам |
| e |
|
Мы слыхали, что тайга... |
| 1 |
|
700 1 |
| a |
|
Жарковский |
| b |
|
Е. |
| 1 |
|
702 1 |
| a |
|
Высотская |
| b |
|
О. |
| 4 |
|
520 |
| 464 |
Аналитический уровень |
_0 |
| 1 |
|
2001 |
| a |
|
Алёша |
| e |
|
Живёт в деревеньке одной... |
| 1 |
|
700 1 |
| a |
|
Заславский |
| b |
|
С. |
| 1 |
|
702 1 |
| a |
|
Пришелец |
| b |
|
А. |
| 4 |
|
520 |
| 464 |
Аналитический уровень |
_0 |
| 1 |
|
2001 |
| a |
|
Петушок |
| e |
|
Утром, только зорька... |
| e |
|
латыш. нар. песня |
| 1 |
|
702 1 |
| a |
|
Машистов |
| b |
|
А. |
| 4 |
|
730 |
| 464 |
Аналитический уровень |
_0 |
| 1 |
|
2001 |
| a |
|
Ой, чия це хатинка |
| e |
|
Ой, чия це хатинка незаметеная... |
| e |
|
укр. нар. песня |
| 464 |
Аналитический уровень |
_0 |
| 1 |
|
2001 |
| a |
|
Мой садик |
| e |
|
Как мой садик свеж и зелен... |
| 1 |
|
700 1 |
| a |
|
Чайковский |
| b |
|
П. |
| 1 |
|
702 1 |
| a |
|
Плещеев |
| b |
|
А. |
| 4 |
|
520 |
| 464 |
Аналитический уровень |
_0 |
| 1 |
|
2001 |
| a |
|
Сурок |
| e |
|
Из края в край вперёд иду... |
| 1 |
|
700 1 |
| a |
|
Бетховен |
| b |
|
Л. |
| 1 |
|
702 1 |
| a |
|
Спасский |
| b |
|
С. |
| 4 |
|
730 |
| 464 |
Аналитический уровень |
_0 |
| 1 |
|
2001 |
| a |
|
Разговор с Лениным |
| e |
|
Запах тополиный и сиреневый... |
| 1 |
|
700 1 |
| a |
|
Локтев |
| b |
|
В. |
| 1 |
|
702 1 |
| a |
|
Крючков |
| b |
|
В. |
| 4 |
|
520 |
| 464 |
Аналитический уровень |
_0 |
| 1 |
|
2001 |
| a |
|
Пионерская спортивная |
| e |
|
Реют знамёна над стадионом... |
| 1 |
|
700 1 |
| a |
|
Мурадели |
| b |
|
В. |
| 1 |
|
702 1 |
| a |
|
Градов |
| b |
|
П. |
| 4 |
|
520 |
| 464 |
Аналитический уровень |
_0 |
| 1 |
|
2001 |
| a |
|
В прибрежном колхозе |
| e |
|
Эту лодку строил я... |
| 1 |
|
700 1 |
| a |
|
Оякяр |
| b |
|
Б. |
| 1 |
|
702 1 |
| a |
|
Вааранди |
| b |
|
Д. |
| 4 |
|
520 |
| 464 |
Аналитический уровень |
_0 |
| 1 |
|
2001 |
| a |
|
Поздняя весна |
| e |
|
Запоздала весна... |
| 1 |
|
700 1 |
| a |
|
Ребиков |
| b |
|
В. |
| 464 |
Аналитический уровень |
_0 |
| 1 |
|
2001 |
| a |
|
Весенняя |
| e |
|
Приди, весна, и снова... |
| 1 |
|
700 1 |
| a |
|
Моцарт |
| b |
|
В. |
| 1 |
|
702 1 |
| a |
|
Овербек |
| 4 |
|
520 |
| 1 |
|
702 1 |
| a |
|
Сикорская |
| b |
|
Т. |
| 4 |
|
730 |
| 464 |
Аналитический уровень |
_0 |
| 1 |
|
2001 |
| a |
|
Лесная песнь |
| e |
|
Ютясь в тени густых ветвей... |
| 1 |
|
700 1 |
| a |
|
Григ |
| b |
|
Э. |
| 1 |
|
702 1 |
| a |
|
Ефременков |
| b |
|
А. |
| 4 |
|
730 |
| 464 |
Аналитический уровень |
_0 |
| 1 |
|
2001 |
| a |
|
Пусть всегда будет солнце! |
| e |
|
Солнечный круг, небо вокруг... |
| 1 |
|
700 1 |
| a |
|
Островский |
| b |
|
А. |
| 1 |
|
702 1 |
| a |
|
Ошанин |
| b |
|
Л. |
| 4 |
|
520 |
| 464 |
Аналитический уровень |
_0 |
| 1 |
|
2001 |
| a |
|
Встало солнце |
| e |
|
Встало солнце на ноги... |
| 1 |
|
700 1 |
| a |
|
Компанеец |
| b |
|
З. |
| 1 |
|
702 1 |
| a |
|
Кондрашенко |
| b |
|
Л. |
| 4 |
|
520 |
| 464 |
Аналитический уровень |
_0 |
| 1 |
|
2001 |
| a |
|
Спокойной ночи |
| e |
|
День завершён, близится сон... |
| 1 |
|
700 1 |
| a |
|
Кабалевский |
| b |
|
Д. |
| 1 |
|
702 1 |
| a |
|
Викторов |
| b |
|
В. |
| 4 |
|
520 |
| 464 |
Аналитический уровень |
_0 |
| 1 |
|
2001 |
| a |
|
Весёлый турист |
| e |
|
Хорошо лететь в экспрессе... |
| 1 |
|
700 1 |
| a |
|
Лепин |
| b |
|
А. |
| 1 |
|
702 1 |
| a |
|
Фадеева |
| b |
|
О. |
| 4 |
|
520 |
| 464 |
Аналитический уровень |
_0 |
| 1 |
|
2001 |
| a |
|
Родина |
| e |
|
Занялася заря расписная... |
| 1 |
|
700 1 |
| a |
|
Смыслов |
| b |
|
И. |
| 1 |
|
702 1 |
| a |
|
Сусленников |
| b |
|
Н. |
| 4 |
|
520 |
| 464 |
Аналитический уровень |
_0 |
| 1 |
|
2001 |
| a |
|
Варшавянка |
| e |
|
Вихри враждебные веют над нами... |
| e |
|
революц. песня |
| 1 |
|
702 1 |
| a |
|
Белый |
| b |
|
В. |
| 4 |
|
030 |
| 1 |
|
702 1 |
| a |
|
Кржижановский |
| b |
|
Г. |
| 4 |
|
730 |
| 464 |
Аналитический уровень |
_0 |
| 1 |
|
2001 |
| a |
|
Как высоко над нами наше небо |
| e |
|
Как высоко над нами наше небо... |
| 1 |
|
700 1 |
| a |
|
Ковнер |
| b |
|
И. |
| 1 |
|
702 1 |
| a |
|
Михалков |
| b |
|
С. |
| 4 |
|
520 |
| 464 |
Аналитический уровень |
_0 |
| 1 |
|
2001 |
| a |
|
Песня неуловимых мстителей |
| e |
|
Не печалься о сыне злую долю кляня... |
| e |
|
из кф. "Неуловимые мстители" |
| 1 |
|
700 1 |
| a |
|
Мокроусов |
| b |
|
Б. |
| 1 |
|
702 1 |
| a |
|
Рождественский |
| b |
|
Р. |
| 4 |
|
520 |
| 1 |
|
50010 |
| a |
|
Неуловимые мстители |
| 464 |
Аналитический уровень |
_0 |
| 1 |
|
2001 |
| a |
|
Зимняя спортивная |
| e |
|
На дворе морозец колкий... |
| 1 |
|
700 1 |
| a |
|
Купрейшвили |
| b |
|
П. |
| 1 |
|
702 1 |
| a |
|
Александрова |
| b |
|
Э. |
| 4 |
|
520 |
| 464 |
Аналитический уровень |
_0 |
| 1 |
|
2001 |
| a |
|
Со вьюном я хожу |
| e |
|
Со вьюном я хожу... |
| e |
|
рус. нар. песня |
| 1 |
|
702 1 |
| a |
|
Римский-Корсаков |
| b |
|
Н. |
| 4 |
|
030 |
| 464 |
Аналитический уровень |
_0 |
| 1 |
|
2001 |
| a |
|
Солнце, в дом войди |
| e |
|
Солнце, ты нам вечно светишь... |
| e |
|
груз. нар. песня |
| 1 |
|
702 1 |
| a |
|
Аракишвили |
| b |
|
Д. |
| 4 |
|
030 |
| 464 |
Аналитический уровень |
_0 |
| 1 |
|
2001 |
| a |
|
Сумерки |
| e |
|
Вот сумерки сгустились... |
| e |
|
норв. нар. песня |
| 1 |
|
702 1 |
| a |
|
Локтев |
| b |
|
В. |
| 4 |
|
030 |
| 1 |
|
702 1 |
| a |
|
Тверской |
| b |
|
А. |
| 4 |
|
730 |
| 464 |
Аналитический уровень |
_0 |
| 1 |
|
2001 |
| a |
|
Колыбельная |
| e |
|
Спи, дитя, сладким сном... |
| 1 |
|
700 1 |
| a |
|
Брамс |
| b |
|
Й. |
| 1 |
|
702 1 |
| a |
|
Машистов |
| b |
|
А. |
| 4 |
|
730 |
| 464 |
Аналитический уровень |
_0 |
| 1 |
|
2001 |
| a |
|
С добрым утром, край родной! |
| e |
|
Солнце, солнце встаёт... |
| 1 |
|
700 1 |
| a |
|
Парцхаладзе |
| b |
|
М. |
| 1 |
|
702 1 |
| a |
|
Татаринов |
| b |
|
В. |
| 4 |
|
520 |
| 464 |
Аналитический уровень |
_0 |
| 1 |
|
2001 |
| a |
|
Красивая мама |
| e |
|
Красивые мамы, на свете вас много... |
| 1 |
|
700 1 |
| a |
|
Колмановский |
| b |
|
Э. |
| 1 |
|
702 1 |
| a |
|
Богомазов |
| b |
|
С. |
| 4 |
|
520 |
| 464 |
Аналитический уровень |
_0 |
| 1 |
|
2001 |
| a |
|
Гайдар шагает впереди |
| e |
|
Слышишь, товарищ, гроза надвигается... |
| 1 |
|
700 1 |
| a |
|
Пахмутова |
| b |
|
А. |
| 1 |
|
702 1 |
| a |
|
Гребенников |
| b |
|
С. |
| 4 |
|
520 |
| 1 |
|
702 1 |
| a |
|
Добронравов |
| b |
|
Н. |
| 4 |
|
520 |
| 464 |
Аналитический уровень |
_0 |
| 1 |
|
2001 |
| a |
|
Песня о Щорсе |
| e |
|
Шёл отряд по берегу... |
| 1 |
|
700 1 |
| a |
|
Блантер |
| b |
|
М. |
| 1 |
|
702 1 |
| a |
|
Голодный |
| b |
|
М. |
| 4 |
|
520 |
| 464 |
Аналитический уровень |
_0 |
| 1 |
|
2001 |
| a |
|
Гибель "Варяга" |
| e |
|
Плещут холодные волны... |
| e |
|
рус. нар. песня |
| 1 |
|
700 1 |
| a |
|
Богородицкий |
| b |
|
Ф. |
| 1 |
|
702 1 |
| a |
|
Репнинский |
| b |
|
Я. |
| 4 |
|
520 |
| 464 |
Аналитический уровень |
_0 |
| 1 |
|
2001 |
| a |
|
Реченька |
| e |
|
Ой, ты, речка-реченька |
| e |
|
белорус. нар. песня |
| 1 |
|
702 1 |
| a |
|
Свешников |
| b |
|
А. |
| 4 |
|
030 |
| 464 |
Аналитический уровень |
_0 |
| 1 |
|
2001 |
| a |
|
Кукушка |
| e |
|
В полдень на опушке... |
| e |
|
пол. нар. песня |
| 1 |
|
702 1 |
| a |
|
Смелянская |
| b |
|
Я. |
| 4 |
|
730 |
| 1 |
|
702 1 |
| a |
|
Локтев |
| b |
|
В. |
| 4 |
|
730 |
| 464 |
Аналитический уровень |
_0 |
| 1 |
|
2001 |
| a |
|
Портрет Володи Ульянова |
| e |
|
Он живой, он вечно рядом с нами... |
| 1 |
|
700 1 |
| a |
|
Вериковский |
| b |
|
М. |
| 1 |
|
702 1 |
| a |
|
Рыльский |
| b |
|
М. |
| 4 |
|
520 |
| 464 |
Аналитический уровень |
_0 |
| 1 |
|
2001 |
| a |
|
Наш отряд |
| e |
|
Ярко галстуки горят... |
| 1 |
|
700 1 |
| a |
|
Кырвер |
| b |
|
Б. |
| 1 |
|
702 1 |
| a |
|
Роотс |
| b |
|
О. |
| 4 |
|
520 |
| 464 |
Аналитический уровень |
_0 |
| 1 |
|
2001 |
| a |
|
Звонкая песня |
| e |
|
Звонкая песня уносится ввысь... |
| 1 |
|
700 1 |
| a |
|
Негго |
| b |
|
А. |
| 1 |
|
702 1 |
| a |
|
Негго |
| b |
|
А. |
| 4 |
|
520 |
| 464 |
Аналитический уровень |
_0 |
| 1 |
|
2001 |
| a |
|
Во поле рябинушка стояла |
| e |
|
Во поле рябинушка стояла... |
| e |
|
рус. нар. песня |
| 1 |
|
702 1 |
| a |
|
Пономарьков |
| b |
|
И. |
| 4 |
|
030 |
| 464 |
Аналитический уровень |
_0 |
| 1 |
|
2001 |
| a |
|
Висла |
| e |
|
Гей ты, Висла, голубая... |
| e |
|
пол. нар. песня |
| 1 |
|
702 1 |
| a |
|
Кондратьев |
| b |
|
С. |
| 4 |
|
730 |
| 1 |
|
702 1 |
| a |
|
Иванников |
| b |
|
В. |
| 4 |
|
030 |
| 464 |
Аналитический уровень |
_0 |
| 1 |
|
2001 |
| a |
|
Мы песней солнышко разбудим |
| e |
|
Сегодня солнышко проспало... |
| e |
|
песня пол. пионеров |
| 1 |
|
702 1 |
| a |
|
Татаринов |
| b |
|
В. |
| 4 |
|
730 |
| 464 |
Аналитический уровень |
_0 |
| 1 |
|
2001 |
| a |
|
Вечерняя песня |
| e |
|
Слети к нам, тихий вечер... |
| 1 |
|
700 1 |
| a |
|
Тома |
| b |
|
А. |
| 1 |
|
702 1 |
| a |
|
Ушинский |
| b |
|
К. |
| 4 |
|
520 |
| 464 |
Аналитический уровень |
_0 |
| 1 |
|
2001 |
| a |
|
Венецианская ночь |
| e |
|
Ночь весенняя дышала... |
| 1 |
|
700 1 |
| a |
|
Глинка |
| b |
|
М. |
| 1 |
|
702 1 |
| a |
|
Козлов |
| b |
|
И. |
| 4 |
|
520 |
| 464 |
Аналитический уровень |
_0 |
| 1 |
|
2001 |
| a |
|
Тик-так |
| e |
|
Тик-так, тик-так, тик-так... |
| 1 |
|
700 1 |
| a |
|
Левина |
| b |
|
З. |
| 1 |
|
702 1 |
| a |
|
Спендиарова |
| b |
|
Т. |
| 4 |
|
520 |
| 464 |
Аналитический уровень |
_0 |
| 1 |
|
2001 |
| a |
|
Песня о Ленине |
| e |
|
Тих апрель, в цветы одетый... |
| 1 |
|
700 1 |
| a |
|
Левина |
| b |
|
З. |
| 1 |
|
702 1 |
| a |
|
Спендиарова |
| b |
|
Т. |
| 4 |
|
730 |
| 464 |
Аналитический уровень |
_0 |
| 1 |
|
2001 |
| a |
|
Сибирская ёлочка |
| e |
|
Эту ёлочку когда-то... |
| 1 |
|
700 1 |
| a |
|
Левина |
| b |
|
З. |
| 1 |
|
702 1 |
| a |
|
Некрасова |
| b |
|
Л. |
| 4 |
|
520 |
| 464 |
Аналитический уровень |
_0 |
| 1 |
|
2001 |
| a |
|
Мы проходим у Кремля |
| e |
|
Праздник выступил на площадь... |
| 1 |
|
700 1 |
| a |
|
Левина |
| b |
|
З. |
| 1 |
|
702 1 |
| a |
|
Некрасова |
| b |
|
Л. |
| 4 |
|
520 |
| 464 |
Аналитический уровень |
_0 |
| 1 |
|
2001 |
| a |
|
Мы верны пионерскому знамени |
| e |
|
Если словом своим и примером... |
| 1 |
|
700 1 |
| a |
|
Левина |
| b |
|
З. |
| 1 |
|
702 1 |
| a |
|
Градов |
| b |
|
П. |
| 4 |
|
520 |
| 464 |
Аналитический уровень |
_0 |
| 1 |
|
2001 |
| a |
|
Голубок |
| e |
|
Ты куда стремишься, белый голубок... |
| 1 |
|
700 1 |
| a |
|
Левина |
| b |
|
З. |
| 1 |
|
702 1 |
| a |
|
Френкель |
| b |
|
И. |
| 4 |
|
520 |
| 464 |
Аналитический уровень |
_0 |
| 1 |
|
2001 |
| a |
|
Голубая дорога |
| e |
|
Все мы любим пешком побродить... |
| 1 |
|
700 1 |
| a |
|
Чичков |
| b |
|
Ю. |
| 1 |
|
702 1 |
| a |
|
Ибряев |
| b |
|
К. |
| 4 |
|
520 |
| 464 |
Аналитический уровень |
_0 |
| 1 |
|
2001 |
| a |
|
Пионерская стрела |
| e |
|
Пусть пока не настоящий... |
| 1 |
|
700 1 |
| a |
|
Чичков |
| b |
|
Ю. |
| 1 |
|
702 1 |
| a |
|
Крючков |
| b |
|
В. |
| 4 |
|
520 |
| 464 |
Аналитический уровень |
_0 |
| 1 |
|
2001 |
| a |
|
Со вьюном я хожу |
| e |
|
Со вьюном я хожу... |
| e |
|
рус. нар. песня |
| 464 |
Аналитический уровень |
_0 |
| 1 |
|
2001 |
| a |
|
Сад |
| e |
|
Зеленейся, зеленейся... |
| e |
|
рус. нар. песня |
| 464 |
Аналитический уровень |
_0 |
| 1 |
|
2001 |
| a |
|
Дрёма |
| e |
|
Сидит Дрёма, сидит Дрёма... |
| e |
|
рус. нар. песня |
| 464 |
Аналитический уровень |
_0 |
| 1 |
|
2001 |
| a |
|
В тёмном лесе |
| e |
|
В тёмном лесе, в тёмном лесе... |
| e |
|
рус. нар. песня |
| 464 |
Аналитический уровень |
_0 |
| 1 |
|
2001 |
| a |
|
Уж ты, сад |
| e |
|
Уж ты, сад, ты мой сад... |
| e |
|
рус. нар. песня |
| 464 |
Аналитический уровень |
_0 |
| 1 |
|
2001 |
| a |
|
Песня о весёлом барабанщике |
| e |
|
Встань пораньше, встань пораньше... |
| 1 |
|
700 1 |
| a |
|
Шварц |
| b |
|
Л. |
| 1 |
|
702 1 |
| a |
|
Окуджава |
| b |
|
Б. |
| 4 |
|
520 |
| 464 |
Аналитический уровень |
_0 |
| 1 |
|
2001 |
| a |
|
Женька |
| e |
|
Стоит средь лесов деревенька... |
| 1 |
|
700 1 |
| a |
|
Жарковский |
| b |
|
Е. |
| 1 |
|
702 1 |
| a |
|
Ваншенкин |
| b |
|
К. |
| 4 |
|
520 |
| 464 |
Аналитический уровень |
_0 |
| 1 |
|
2001 |
| a |
|
Колыбельная песня в бурю |
| e |
|
Ах, утихни, буря... |
| 1 |
|
700 1 |
| a |
|
Чайковский |
| b |
|
П. |
| 1 |
|
702 1 |
| a |
|
Плещеев |
| b |
|
А. |
| 4 |
|
520 |
| 464 |
Аналитический уровень |
_0 |
| 1 |
|
2001 |
| a |
|
Хор мальчиков |
| e |
|
Все мы, мальчишки... |
| e |
|
из оперы "Пиковая дама" |
| 1 |
|
700 1 |
| a |
|
Чайковский |
| b |
|
П. |
| 1 |
|
702 1 |
| a |
|
Некрасова |
| b |
|
Л. |
| 4 |
|
520 |
| 1 |
|
50010 |
| a |
|
Пиковая дама |
| 464 |
Аналитический уровень |
_0 |
| 1 |
|
2001 |
| a |
|
Малиновка |
| e |
|
Скажи, малиновка, зачем... |
| 1 |
|
700 1 |
| a |
|
Бетховен |
| b |
|
Л. |
| 1 |
|
702 1 |
| a |
|
Бюргер |
| b |
|
Г. |
| 4 |
|
730 |
| 464 |
Аналитический уровень |
_0 |
| 1 |
|
2001 |
| a |
|
Песня о пионерской дружбе |
| e |
|
Знает север, знает юг... |
| 1 |
|
700 1 |
| a |
|
Локтев |
| b |
|
В. |
| 1 |
|
702 1 |
| a |
|
Высотская |
| b |
|
О. |
| 4 |
|
520 |
| 464 |
Аналитический уровень |
_0 |
| 1 |
|
2001 |
| a |
|
Ты лети, ветерок! |
| e |
|
Вся опушка - в песнях и цветах... |
| 1 |
|
700 1 |
| a |
|
Локтев |
| b |
|
В. |
| 1 |
|
702 1 |
| a |
|
Пришелец |
| b |
|
А. |
| 4 |
|
520 |
| 464 |
Аналитический уровень |
_0 |
| 1 |
|
2001 |
| a |
|
Кто делает зарядку - растёт богатырём |
| e |
|
Солнце в речке прозрачной... |
| 1 |
|
700 1 |
| a |
|
Мурадели |
| b |
|
В. |
| 1 |
|
702 1 |
| a |
|
Садовский |
| b |
|
М. |
| 4 |
|
520 |
| 464 |
Аналитический уровень |
_0 |
| 1 |
|
2001 |
| a |
|
Строевая боевая |
| e |
|
Встали рано, чтоб от солнца не отстать... |
| 1 |
|
700 1 |
| a |
|
Мурадели |
| b |
|
В. |
| 1 |
|
702 1 |
| a |
|
Садовский |
| b |
|
М. |
| 4 |
|
520 |
| 464 |
Аналитический уровень |
_0 |
| 1 |
|
2001 |
| a |
|
Песня о главном вожатом |
| e |
|
Советской власти крепли силы... |
| 1 |
|
700 1 |
| a |
|
Мурадели |
| b |
|
В. |
| 1 |
|
702 1 |
| a |
|
Садовский |
| b |
|
М. |
| 4 |
|
520 |
| 464 |
Аналитический уровень |
_0 |
| 1 |
|
2001 |
| a |
|
Гимн Москве |
| e |
|
Стоит Москва, растёт Москва... |
| 1 |
|
700 1 |
| a |
|
Мурадели |
| b |
|
В. |
| 1 |
|
702 1 |
| a |
|
Коваленков |
| b |
|
А. |
| 4 |
|
520 |
| 464 |
Аналитический уровень |
_0 |
| 1 |
|
2001 |
| a |
|
Пионерский костёр |
| e |
|
Набрали мы сосновых веток... |
| 1 |
|
700 1 |
| a |
|
Мурадели |
| b |
|
В. |
| 1 |
|
702 1 |
| a |
|
Некрасова |
| b |
|
Л. |
| 4 |
|
520 |
| 464 |
Аналитический уровень |
_0 |
| 1 |
|
2001 |
| a |
|
Жаворонок |
| e |
|
Между небом и землёй... |
| 1 |
|
700 1 |
| a |
|
Глинка |
| b |
|
М. |
| 1 |
|
702 1 |
| a |
|
Кукольник |
| b |
|
Н. |
| 4 |
|
520 |
| 512 |
Заглавие обложки |
1_ |
| a |
Заглавие обложки |
Пение в школе |
| 606 |
Тематические рубрики |
0_ |
| a |
Основная рубрика |
Песни для детей |
| x |
Основная подрубрика |
Учебные пособия |
| 610 |
Ключевые слова |
0_ |
| a |
Ключевые слова |
песни детские |
| 610 |
Ключевые слова |
0_ |
| a |
Ключевые слова |
учебные пособия |
| 686 |
Индексы других классификаций |
__ |
| a |
Классификационный индекс |
85.98я72 |
| 2 |
Код системы |
rubbk |
| 801 |
Источник записи |
_0 |
| a |
Страна |
RU |
| b |
Организация |
Ульяновская ОНБ |
| c |
Дата составления |
20210902 |
| g |
Правила каталогизации |
RCR |
| 801 |
Источник записи |
_1 |
| a |
Страна |
RU |
| b |
Организация |
Ульяновская ОНБ |
| c |
Дата составления |
20210902 |
| g |
Правила каталогизации |
RCR |
| 901 |
Тип документа |
__ |
| t |
Тип документа |
n |
| w |
Контрольный № источника |
RU/IS/BASE/485434245 |
| 909 |
Создатель записи |
__ |
| a |
Создатель записи |
Лобина Л. И. |
| 938 |
Служебная информация |
__ |
| a |
Имя БД |
noti |
| b |
Имя библиотеки |
УОНБ |
| c |
Имя АИБС |
МАРК-SQL |
| d |
Номер DOC_ID в БД |
24485 |